Pre and Post Vocabulary Quiz Stats

Quiz Updated Oct 14, 2016

Challenge
Share
Tweet
Embed
Score 0/18 Timer 05:00
4 Plays Today
% Correct
Posthumous
90.1%
Posture
89.9%
Prelude
89.2%
Precipice
85.7%
Precocious
80%
Postbellum
78.1%
Postcava
76.3%
Preclude
75.6%
Prescient
75.1%
% Correct
Prefect
72.5%
Prerogative
72.1%
Posterity
70.9%
Prevaricate
63.1%
Postern
60.9%
Pretense
55.5%
Postulate
54.9%
Posteen
53.7%
Postilion
51.9%

You're not logged in!

Compare scores with friends on all Sporcle quizzes.
Sign Up with Email
OR
Log In

You Might Also Like...

Show Comments

Extras

Top Quizzes Today


Score Distribution

Your Account Isn't Verified!

In order to create a playlist on Sporcle, you need to verify the email address you used during registration. Go to your Sporcle Settings to finish the process.